School violence and primary prevention
Uloženo v:
| Hlavní autor: | |
|---|---|
| Médium: | Kniha |
| Jazyk: | angličtina |
| Vydáno: |
Dordrecht
Springer
2008
|
| Témata: | |
| Tagy: |
Přidat tag
Žádné tagy, Buďte první, kdo vytvoří štítek k tomuto záznamu!
|
MARC
| LEADER | 00000nam a2200000 a 4500 | ||
|---|---|---|---|
| 001 | UCH9342 | ||
| 003 | CL-VaPUC | ||
| 008 | 091231e20080000ne |||||||||||||||||eng|d | ||
| 020 | |a 9780387756608 | ||
| 082 | 0 | 4 | |a 371.782 |b MIL |2 21 |
| 100 | |a Miller, Thomas W. |e autor |9 546346 | ||
| 245 | 1 | 0 | |a School violence and primary prevention |
| 300 | |a 455 p | ||
| 942 | |c BK | ||
| 945 | |d 20091231 00:00:00 |a dcastane | ||
| 260 | |a Dordrecht |b Springer |c 2008 | ||
| 650 | 0 | |a Violencia escolar |9 453211 | |
| 650 | 0 | |a Problemas sociales |9 258537 | |
| 650 | 0 | |a Valores morales |9 310604 | |
| 650 | 0 | |a Psicología educacional |9 307830 | |
| 650 | 0 | |a Sociología de la educación |9 260380 | |
| 583 | |a last modification |c 20171213 06:00:07 |k Rodrigo Vera | ||
| 999 | |c 339331 |d 339329 | ||
| 952 | |0 0 |1 0 |4 0 |6 371_782000000000000_MIL_2008 |7 0 |8 A |9 432925 |a BIBEDU |b BIBEDU |d 2019-11-22 |i 4630696 |o 371.782 MIL 2008 |p 4630696 |r 2019-11-22 |w 2019-11-22 |y BK |k PSI | ||